Mini science encyclopedia

Bibliographic Details
Main Author: Ang Woon Chuan
Format: Book
Published: Singapore : Manhattan Press , 1988
Subjects:

MARC

LEADER 00000cam a2200000 7i4500
001 0000000195
002 000000258
005 20060206.0
020 |a 9813001003 
090 0 0 |a 503   |b ANG 
100 0 |a Ang Woon Chuan 
245 1 0 |a Mini science encyclopedia   |c Ang Woon Chuan 
260 |a Singapore :   |b Manhattan Press ,   |c 1988 
300 |a 173 p. :   |b ill ;   |c 28 cm. 
650 0 0 |a Science   |x Encyclopedias   |x Juvenile literature 
999 |a 027504   |b BUKU   |c JUNIOR BOOKS   |e PERPUSTAKAAN KOMUNITI PETALING JAYA